000 00995 a2200193 4500
003 Nust
005 20221124123509.0
020 _a0153540699
040 _cNust
082 _a516, ULR
100 _aF.Ulrich, James
_9103481
245 _aGeometry Harbrace Mathematics/
_cJames F.Ulrich & Joseph N.Payne
250 _a2nd
260 _aHarcourt Brace Jovanovich, Inc
_bNew York
_c1972
300 _aix, 710 p
_billus
505 _aIntroduction to Geometry (Page-1), Basic Assumptions (Page-37) ,Induction and Deduction (Page-81), Logic and Proof (Page-129), Congruent Triangles (Page-191), Parallels and Coordinates (Page-263), Parallelograms and Inequalities (Page-329), Circles and Spheres (Page-371), Introduction to Locus (Page-427), Similar Polygons (Page-463), Pythagorean Theorem (Page-505), Polygons and Area (Page-557), Introduction to Trigonometry (Page-587), Area and Volume (Page-611), Transformations (Page-653).
650 _aHarbrace Mathematics
_9103482
942 _2ddc
_cBK
999 _c189073
_d189073